000 01407nam a2200361Ia 4500
001 ebr10505822
003 CaPaEBR
006 m u
007 cr cn|||||||||
008 110627s2011 ne sb 001 0 eng d
010 _z 2011026797
020 _z9789027202529
020 _z9789027284532
040 _aCaPaEBR
_cCaPaEBR
035 _a(OCoLC)763161168
050 1 4 _aPE3501
_b.T97 2011eb
082 0 4 _a427/.95
_223
245 0 4 _aThe typology of Asian Englishes
_h[electronic resource] /
_cedited by Lisa Lim, Nikolas Gisborne.
260 _aAmsterdam ;
_aPhiladelphia :
_bJohn Benjamins Pub. Co.,
_c2011.
300 _avii, 120 p.
490 0 _aBenjamins current topics; v. 33
504 _aIncludes bibliographical references and index.
533 _aElectronic reproduction.
_bPalo Alto, Calif. :
_cebrary,
_d2011.
_nAvailable via World Wide Web.
_nAccess may be limited to ebrary affiliated libraries.
650 0 _aEnglish language
_zAsia.
650 0 _aEnglish language
_xVariation
_zAsia.
650 0 _aEnglish language
_xSocial aspects
_zAsia.
650 0 _aEnglish language
_xStudy and teaching
_zAsia.
655 7 _aElectronic books.
_2local
700 1 _aLim, Lisa.
700 1 _aGisborne, Nikolas,
_d1966-
710 2 _aebrary, Inc.
856 4 0 _uhttp://site.ebrary.com/lib/rucke/Doc?id=10505822
_zAn electronic book accessible through the World Wide Web; click to view
999 _c113164
_d113164